UK Place Name Suffixes - Statistics

General Stats
  • This quiz has been taken 100 times
  • The average score is 14 of 15
Answer Stats
Answer % Correct
pool
100%
chester
99%
don
99%
ford
99%
ham
99%
ton
99%
field
98%
mouth
98%
bury
93%
by
93%
borough
90%
wich
90%
ley
84%
port
79%
head
78%
No matching quizzes found
Score Distribution
Percent of People with Each Score
Percentile by Number Answered
Your Score History
You have not taken this quiz